| 000 | 01355nam a2200373 a 4500 | ||
|---|---|---|---|
| 001 | vtls000735561 | ||
| 003 | NLI | ||
| 005 | 20210627043914.0 | ||
| 008 | 110317s2003 ii e 000 0 eng d | ||
| 020 |
_a9788121509831 _c400.00 |
||
| 039 | 9 |
_a201208271932 _bkrishanuc _c201205161909 _dChanchalg _c201103171851 _dChanchalg _c201103171851 _dChanchalg _y201103171848 _zChanchalg |
|
| 040 |
_aNLI: _beng |
||
| 041 | 0 | _aeng | |
| 044 | _aii | ||
| 082 | 0 | 4 |
_a181.41 _222 |
| 100 | 1 |
_aKapila _9725731 |
|
| 240 | 1 |
_a[Sankhyasutra. _lEnglish & Sanskrit] |
|
| 245 | 1 | 4 |
_aThe Sankhya aphorisms of Kapila: _bwith extract from Vijnanabhiksu's commentary/ _cedited and translated by James R. Ballantyne |
| 250 | _a2nd ed. | ||
| 260 |
_aNew Delhi : _bMunshiram Manoharlal Pub., _cc2003 |
||
| 500 | _aText in English and Sanskrit | ||
| 650 | 0 | _aPhilosophy, Hindu | |
| 650 | 0 |
_aSankhya _9725732 |
|
| 650 | 0 |
_aSankhya _yEarly works to 1800 _9725733 |
|
| 700 | 1 |
_aBattantayne, James Robert, _d1813-1864 _9725734 |
|
| 887 | _achanchalg | ||
| 901 |
_aDB94620 : _b28.09.2004 |
||
| 902 | _aE 181.41 K 141 (1) | ||
| 904 | _achanchalg | ||
| 949 |
_AVIRTUAITEM _D10000 _X100 _6DBA000094620ENG |
||
| 942 |
_2ddc _cBKS |
||
| 999 |
_aVIRTUA _c596373 _d596373 |
||
| 999 | _aVTLSSORT0080*0200*0400*0410*0440*0820*1000*2400*2450*2500*2600*5000*6500*6501*6502*7000*8520*9010*9020*9040*9992 | ||